00483nam a2200157Ia 450000500170000000800410001708200140005810000180007224500150009026000590010530000120016450000330017694200060020995200950021599900150031020250703023520.0240331s9999 xx 000 0 und d bSIRa2477 aSiriwardena,E 0aSambhawana aKirilapanebAilith Siriwardena Tribute Committeec1995 a113 p., aA book on Eileen Siriwardena cL 001040708LaWERCLbWERCLcSSCd2024-03-31l0o 920 SIRp2477r2024-03-31w2024-03-31yL c5335d5335